000 00946nmm a2200265 a 4500
001 ocm000782754
003 TR-IsHL
005 20201028142756.0
008 140118s2007 tu tur
007 cr cn
020 _a9789756346686
035 _a782754
_b(N$T)
050 0 4 _aBP170.25
_b.S35 2007
090 0 4 _aBP170.25
_b.S35 2007
100 1 _aSak, İzzet
245 1 0 _aŞer'iye sicillerine göre Konya'da vasiyet yoluyla yapılan hayır ve vakıflar (1700-1750)
_h[electronic resource] /
_cİzzet Sak
260 _aKonya :
_bTablet Kitabevi,
_c2007
300 _a207 p.
650 4 _aFelsefe, Psikoloji ve Din
650 4 _aPhilosophy, Psychology and Religion
650 0 _aEndowments
_x Konya
_x Turkey
650 0 _aVakıflar
_x Konya
_x Türkiye
650 7 _aHISTORY / Middle East / Turkey & Ottoman Empire
_2bisacsh
856 4 0 _uhttp://search.ebscohost.com/login.aspx?direct=true&scope=site&db=e011xww&AN=782754
999 _c8537
_d8537